A la búsqueda de Wilhelm Reich /

Obra que presenta un estudio sobre el psicoanalista austríaco Wilhelm Reich (1897-1957) en el que destaca las vicisitudes por las que afrontó durante su desarrollo profesional y las contribuciones que realizó desde esta disciplina, como la energía orgónica.

Đã lưu trong:
Chi tiết về thư mục
Tác giả chính: Wilson, Colin (autor)
Định dạng: Sách
Ngôn ngữ:Tiếng Anh
Được phát hành: Barcelona, España : Argos Vergara, 1981, c1981
Những chủ đề:
Các nhãn: Thêm thẻ
Không có thẻ, Là người đầu tiên thẻ bản ghi này!

MARC

LEADER 00000nam^a2200000^a^4500
001 000266546
005 20250521000000.0
009 20260526133900.621
020 |a 84-7178-358-4 
025 |a Donación Luis González Martínez, 1 ejemplar 
037 |a Acervo ITESO - Biblioteca 
041 |a ING 
082 |a 150. 92  |b WIL 
100 |a Wilson, Colin  |e (autor) 
245 1 0 |a A la búsqueda de Wilhelm Reich /  |c C. Wilson ; tr. por Iris Menéndez. 
264 4 |a Barcelona, España :  |b Argos Vergara,  |c 1981, c1981 
300 |a 272 p. 
336 |a texto  |b txt  |2 rdacontenido 
337 |a sin mediación  |b n  |2 rdamedio 
338 |a volumen  |b nc  |2 rdasoporte 
500 |a Traducción de: The Quest for Wilhelm Reich 
520 |a Obra que presenta un estudio sobre el psicoanalista austríaco Wilhelm Reich (1897-1957) en el que destaca las vicisitudes por las que afrontó durante su desarrollo profesional y las contribuciones que realizó desde esta disciplina, como la energía orgónica. 
649 |a XX 
650 |a Psicoanalistas Austríacos -  |x Biografías 
650 |a Sexualidad 
650 |a Orgasmo 
650 |a Libido 
650 |a Lenguaje Corporal 
650 |a Carácter 
650 |a Neurosis 
650 |a Psicopatología 
650 |a Psicoanálisis Freudiano 
650 |a Marxismo 
650 |a Psicología Clínica 
650 |a Reich, Wilhelm -  |x Tema Principal 
910 |a Fondo Luis González Martínez 
920 |a Impresos - Libros 
930 |a Colección General 
905 |a 139 
901 |a 0500149771  |b IT1  |c ESP  |i D  |u 20250521 
902 |a https://opac.biblio.iteso.mx/vufind/Record/000266546